000 00852nam a22002295i 4500
001 171602
003 ES-MaACL
005 20250808082141.0
008 090522s1979 sp |||| | spa d
080 _a349.42(4-67 UE)
100 1 _aSolbés Mirá, Pedro.
_9140279
245 1 3 _aLa adhesión de España a la C.E.E.
_b: Los efectos sobre la protección exterior a la agricultura /
_cPedro Solbes Mirá.
260 _a[Madrid] :
_bMoneda y Crédito,
_c[1979]
300 _a175 p. ;
_c23 cm.
490 1 _aMonografías de Moneda y Crédito ;
_v2
610 2 _aComunidades Europeas-
_xPolítica agraria.
_9140280
650 1 7 _aDerecho agrario comunitario
_2embne
_9140281
830 0 _aMonografías de Moneda y Crédito ;
_v2
_9187075
852 _aES-MaACL
_jA-9799
_9R.99147
852 _aES-MaACL
_jA-9961
_9R.99146
999 _c171602
_d171602